Gemmarum et lapidum historia, qua non solum ortus, natura, vis et precium, sed etiam modus quo ex iis, olea, salia, tincturae, essentiae, arcana et magisteria arte chymica confici possint, ostenditur / Anselmi Boetii de Boodt

Detalles Bibliográficos
Autor principal: Boodt, Anselmo Boecio de
Formato: Libro
Lenguaje:Undetermined
Latin
Publicado: Hanoviae : typis Wechelianis ; apud Claudius Marnius et haeredes Ioannes Aubrius, 1609.
Materias:
Colección:Banco de datos
Acervo:Biblioteca Palafoxiana. Colección bibliográfica
Descripción Física:294, [16] p. : il. ; 4°
Tema general:Historia natural
Notas:Incluye ilustraciones en grabado xilográfico. Marca de fuego: Colegio de San Juan. Número de localización: 26643
LEADER 00845nam a2200169Ia 4500
008 150723s9999 xx 000 0 und d
041 0 |a lat 
050 0 |a PAFX QH302 B6 
100 1 |a Boodt, Anselmo Boecio de 
245 1 0 |a Gemmarum et lapidum historia, qua non solum ortus, natura, vis et precium, sed etiam modus quo ex iis, olea, salia, tincturae, essentiae, arcana et magisteria arte chymica confici possint, ostenditur / Anselmi Boetii de Boodt 
260 |a Hanoviae : typis Wechelianis ; apud Claudius Marnius et haeredes Ioannes Aubrius, 1609. 
300 |a 294, [16] p. : il. ; 4° 
500 |a Incluye ilustraciones en grabado xilográfico. Marca de fuego: Colegio de San Juan. Número de localización: 26643 
650 1 0 |a Historia natural 
942 |c PALALIB 
943 |g Biblioteca Palafoxiana. Colección bibliográfica 
999 |c 1052730  |d 1052730